Best Picture by Character Quiz Stats

 Plays Quiz Updated Nov 13, 2018

Challenge
Share
Tweet
Embed
Score 0/32 Timer 06:00
9 Plays Today
Characters Movie Title % Correct
Dr. Hannibal LecterThe Silence of the Lambs
91.8%
Gandalf the WhiteThe Lord of the Rings: The Return of the King
85.1%
The CorleonesThe Godfather + TheGodfather Part II
81.6%
Rose & JackTitanic
78%
The Jets & The SharksWest Side Story
77.8%
General Maximus Decimus MeridiusGladiator
75.9%
Jenny, Lt. Dan Taylor, & BubbaForrest Gump
75.2%
Rhett ButlerGone with the Wind
68.8%
William WallaceBraveheart
68.8%
Nurse Mildred RatchedOne Flew Over the Cuckoo's Nest
60.2%
Billy KramerKramer vs. Kramer
58.1%
Professor Henry Higgins & Eliza DoolittleMy Fair Lady
57.3%
Stands With A FistDances with Wolves
50.9%
Charlie & Raymond BabbittRain Man
44.9%
T.E. LawrenceLawrence of Arabia
41%
Rick Blaine & Ilsa Lund Casablanca
40.9%
Characters Movie Title % Correct
Jamal MalikSlumdog Millionaire
40%
Lester Burnham American Beauty
33.6%
Det. Jimmy 'Popeye' DoyleThe French Connection
32.9%
General Omar BradleyPatton
29.7%
Adrian PenninoRocky
28.3%
Fletcher ChristianMutiny on the Bounty
27.8%
Brad Braden, The Great Sebastian, & Buttons the ClownThe Greatest Show on Earth
15.5%
Henry 'Shaw' Gondorff & Johnny 'Kelly' HookerThe Sting
14.2%
Denys Finch Hatton & Karen BlixenOut of Africa
13.1%
Harold Abrahams & Eric LiddellChariots of Fire
13.1%
Frankie Dunn & Maggie FitzgeraldMillion Dollar Baby
11.8%
Sergeant First Class William JamesThe Hurt Locker
10.8%
Astronaut Garrett Breedlove Terms of Endearment
10.4%
PuyiThe Last Emperor
10.3%
MessalaBen-Hur
9.9%
US Navy Commander Shears & Lieutenant Colonel NicholsonThe Bridge on the River Kwai
5.8%

You're not logged in!

Compare scores with friends on all Sporcle quizzes.
OR
Log In

You Might Also Like...

Show Comments

Extras

Top Quizzes Today


Score Distribution

Your Account Isn't Verified!

In order to create a playlist on Sporcle, you need to verify the email address you used during registration. Go to your Sporcle Settings to finish the process.

Report this User

Report this user for behavior that violates our Community Guidelines.

Details: